Southville International School and Colleges
Your cart is empty.
  • Cart
  • Lists
    Public lists Eva Luna New books Lux_list list_1
    Your lists Log in to create your own lists
  • Log in to your account
  • Your cookies
  • Search history
Southville International School and Colleges
  • Advanced search
  • Recent comments
  • Most popular
  • Libraries

Log in to your account

Log in with GOOGLE


If you do not have an external account, but do have a local account, you can still log in:

  1. Home
  2. MARC view: Effective Intentions :
Normal view MARC view ISBD view

Effective Intentions : (Record no. 15751)

[ view plain ]
MARC details
000 -LEADER
fixed length control field 01588cam a2200385 a 4500
001 - CONTROL NUMBER
control field 15434715
003 - CONTROL NUMBER IDENTIFIER
control field OSt
005 - DATE AND TIME OF LATEST TRANSACTION
control field 20140310182751.0
008 - FIXED-LENGTH DATA ELEMENTS--GENERAL INFORMATION
fixed length control field 080902s2009 enk b 001 0 eng
010 ## - LIBRARY OF CONGRESS CONTROL NUMBER
LC control number 2008038397
020 ## - INTERNATIONAL STANDARD BOOK NUMBER
International Standard Book Number 9780195384260 (hardback : alk. paper)
020 ## - INTERNATIONAL STANDARD BOOK NUMBER
International Standard Book Number 0195384261 (hardback : alk. paper)
020 ## - INTERNATIONAL STANDARD BOOK NUMBER
International Standard Book Number 9780199764686
035 ## - SYSTEM CONTROL NUMBER
System control number (OCoLC)ocn246199410
040 ## - CATALOGING SOURCE
Original cataloging agency DLC
Transcribing agency DLC
Modifying agency BTCTA
-- YDXCP
-- CDX
-- C#P
-- BWX
-- OCLCQ
-- DLC
050 00 - LIBRARY OF CONGRESS CALL NUMBER
Classification number BF611
Item number .M519 2009
082 00 - DEWEY DECIMAL CLASSIFICATION NUMBER
Classification number M 128.3
Item number M46 2009
100 1# - MAIN ENTRY--PERSONAL NAME
Personal name Mele, Alfred R.,
Dates associated with a name 1951-
245 10 - TITLE STATEMENT
Title Effective Intentions :
Remainder of title The Power of Conscious Will /
Statement of responsibility, etc Mele, Alfred R.
260 ## - PUBLICATION, DISTRIBUTION, ETC. (IMPRINT)
Place of publication, distribution, etc Oxford ;
-- New York :
Name of publisher, distributor, etc Oxford University Press,
Date of publication, distribution, etc 2009.
300 ## - PHYSICAL DESCRIPTION
Extent ix, 178 p. ;
Dimensions 22 cm.
504 ## - BIBLIOGRAPHY, ETC. NOTE
Bibliography, etc Includes bibliographical references (p. 163-171) and index.
505 0# - FORMATTED CONTENTS NOTE
Formatted contents note Introduction -- Conscious intentions and decisions -- Neuroscience and causes of action -- Neuroscience and free will -- Intentional actions and the alleged illusion of conscious will -- Proximal intentions and awareness reports -- The power of conscious will -- Conclusion.
521 ## - TARGET AUDIENCE NOTE
Target audience note
526 ## - STUDY PROGRAM INFORMATION NOTE
Reading level 1210L-1700L
541 ## - IMMEDIATE SOURCE OF ACQUISITION NOTE
-- 1
562 ## - COPY AND VERSION IDENTIFICATION NOTE
Number of copies 1
650 #0 - SUBJECT ADDED ENTRY--TOPICAL TERM
Topical term or geographic name as entry element Will.
650 #0 - SUBJECT ADDED ENTRY--TOPICAL TERM
Topical term or geographic name as entry element Consciousness.
650 #0 - SUBJECT ADDED ENTRY--TOPICAL TERM
Topical term or geographic name as entry element Intentionalism.
856 41 - ELECTRONIC LOCATION AND ACCESS
Materials specified Table of contents only
Uniform Resource Identifier <a href="http://www.loc.gov/catdir/toc/ecip0827/2008038397.html">http://www.loc.gov/catdir/toc/ecip0827/2008038397.html</a>
906 ## - LOCAL DATA ELEMENT F, LDF (RLIN)
a 7
b cbc
c orignew
d 1
e ecip
f 20
g y-gencatlg
942 ## - ADDED ENTRY ELEMENTS (KOHA)
Source of classification or shelving scheme Library of Congress Classification
Koha item type Books
Call number prefix
Holdings
Withdrawn status Lost status Source of classification or shelving scheme Damaged status Home library Current library Shelving location Date acquired Total Checkouts Full call number Barcode Date last seen Copy number Price effective from Koha item type
    Library of Congress Classification   College Library College Library Filipiniana Section 11/06/2012   BF 611 .M519 2009 C15866 05/08/2018 1 11/06/2012 Books

Effective Intentions :

APA

Mele A. R., . (2009). Effective Intentions. Oxford: Oxford University Press.

Chicago

Mele Alfred R, . 2009. Effective Intentions. Oxford: Oxford University Press.

Harvard

Mele A. R., . (2009). Effective Intentions. Oxford: Oxford University Press.

MLA

Mele Alfred R, . Effective Intentions. Oxford: Oxford University Press. 2009.

  • Place hold
  • Print
  • Cite
  • Add to your cart (remove)
  • Save record
    BIBTEX Dublin Core MARCXML MARC (non-Unicode/MARC-8) MARC (Unicode/UTF-8) MARC (Unicode/UTF-8, Standard) MODS (XML) RIS
  • More searches
    Search for this title in:
    Other Libraries (WorldCat) Other Databases (Google Scholar) Online Stores (Bookfinder.com) Open Library (openlibrary.org)

Exporting to Dublin Core...

SOUTHVILLE LIBRARY

Southville International School and Colleges Library

1281 Tropical Ave. Cor. Luxembourg St., BF Homes International, Las Pinas City

Tel. No. 8256374 / 252358 Loc. 117/146

Powered by Koha